|
|
|
|
| LEADER |
00000nab a2200000 a 4500 |
| 001 |
vtls000474074 |
| 003 |
SK-MaSNL |
| 005 |
20260426070131.0 |
| 008 |
221111c1992 xo 0 slo |
| 015 |
|
|
|a SNBRB19rr/mm-uuuuu
|
| 035 |
|
|
|a CL0474208
|
| 035 |
|
|
|a urn:nbn:sk:snk-abf208
|
| 035 |
|
|
|a (urnnbn)urn:nbn:sk:snk:ar-005mmy
|
| 035 |
|
|
|a (uuid)4e01cc97-d211-447d-9fe0-ffbaef5b972c
|
| 040 |
|
|
|a SNKBUCL
|b slo
|c SNKBUCL
|e AACR2
|
| 041 |
0 |
|
|a slo
|
| 044 |
|
|
|a xo
|c SK
|
| 080 |
|
|
|a 943.76-25(087.5)
|2 1981
|
| 100 |
1 |
|
|a Jurčo, Milan,
|d 1931-2012
|4 aut
|9 155221
|
| 245 |
1 |
0 |
|a Vodiť za ruku, alebo viesť dialóg?
|c Milan Jurčo
|
| 650 |
0 |
7 |
|a dejiny miest
|2 snkbucl
|9 164833
|
| 650 |
0 |
7 |
|a publikácie pre deti a mládež
|2 snkbucl
|9 106365
|
| 651 |
|
7 |
|a Bratislava (Slovensko)
|2 snkbucl
|9 14568
|
| 655 |
|
7 |
|a recenzie
|2 snkbucl
|9 21907
|
| 655 |
|
7 |
|a články z novín a časopisov
|2 snkbucl
|9 267496
|
| 773 |
0 |
|
|t Zlatý máj
|g Roč. 36, č. 6 (1992), s. 377-378
|
| 787 |
0 |
8 |
|i Rec.:
|a Lacika, Ivan
|t Tvoja Bratislava
|d Bratislava : Mladé letá, 1992
|
| 850 |
|
|
|a Slovenská národná knižnica v Martine
|a MTA001
|
| 852 |
|
|
|a SNK
|b KIS3GCP
|
| 954 |
|
|
|a odborná, vedecká literatúra pôvodná (slovenská)
|2 lita
|
| 958 |
|
|
|a RK
|
| 992 |
|
|
|a RBX
|
| 999 |
|
|
|c 2653744
|d 2655674
|